| 000 | 02005cam a22005414a 4500 | ||
|---|---|---|---|
| 001 | 83420 | ||
| 005 | 20230410103901.0 | ||
| 008 | 051227s2005 nyuab b 001 0 eng | ||
| 010 | _a 2005285122 | ||
| 035 | _a(OCoLC)ocm62766175 | ||
| 040 |
_aDLC _cDLC _dBAKER _dBTCTA _dYDXCP _dYUS _dJAI _dIG# |
||
| 020 | _a0374529809 (pbk.) | ||
| 020 | _a9780374529802 (pbk.) | ||
| 029 | 1 |
_aYDXCP _b2163220 |
|
| 029 | 1 |
_aNZ1 _b10238100 |
|
| 029 | 1 |
_aAU@ _b000040055225 |
|
| 029 | 1 |
_aNLGGC _b291638325 |
|
| 029 | 1 |
_aIG# _b9780374529802 |
|
| 035 | _a(OCoLC)62766175 | ||
| 042 | _apcc | ||
| 043 |
_aa-is--- _aaw----- _an-us--- |
||
| 050 | 1 | 4 |
_a416 DS 119.76 _bR823m 2005 |
| 049 | _aGRAL | ||
| 100 | 1 | _aRoss, Dennis. | |
| 245 | 1 | 4 |
_aThe missing peace : _bthe inside story of the fight for Middle East peace / _cDennis Ross. |
| 250 | _a1st pbk. ed. | ||
| 260 |
_aNew York : _bFarrar, Straus and Giroux, _c2005. |
||
| 300 |
_a848 p. : _bill., maps ; _c23 cm. |
||
| 504 | _aIncludes bibliographical references. | ||
| 650 | 0 |
_aArab-Israeli conflict _y1993- _xPeace. |
|
| 651 | 0 |
_aIsrael _xPolitics and government _y1993- |
|
| 650 | 0 |
_aPalestinian Arabs _xPolitics and government. |
|
| 600 | 1 | 0 | _aRoss, Dennis. |
| 651 | 0 |
_aMiddle East _xForeign relations _zUnited States. |
|
| 651 | 0 |
_aUnited States _xForeign relations _zMiddle East. |
|
| 650 | 4 |
_aConflicto árabe-israelí _y1993 _xPaz |
|
| 651 | 4 |
_aIsrael _xPolítica y gobierno _y1993- |
|
| 651 | 4 |
_aMedio Oriente _xRelaciones _zEstados Unidos. |
|
| 856 | 4 | 2 |
_3Contributor biographical information _uhttp://www.loc.gov/catdir/enhancements/fy0627/2005285122-b.html |
| 856 | 4 | 2 |
_3Publisher description _uhttp://www.loc.gov/catdir/enhancements/fy0627/2005285122-d.html |
| 938 |
_aBaker and Taylor _bBTCP _n2005285122 |
||
| 938 |
_aYBP Library Services _bYANK _n2163220 |
||
| 938 |
_aBaker & Taylor _bBKTY _c25.00 _d18.75 _i0374529809 _n0006194639 _sactive |
||
| 938 |
_aIngram _bINGR _n9780374529802 |
||
| 942 |
_2lcc _cbk |
||
| 946 | _akk | ||
| 994 |
_aC0 _bDRFGD |
||
| 999 |
_c27715 _d27715 |
||